WeSsex and past & Present Poems / (Record no. 186754)
[ view plain ]
| 000 -LEADER | |
|---|---|
| fixed length control field | 00666 a2200169 4500 |
| 003 - CONTROL NUMBER IDENTIFIER | |
| control field | Nust |
| 005 - DATE AND TIME OF LATEST TRANSACTION | |
| control field | 20230704131441.0 |
| 040 ## - CATALOGING SOURCE | |
| Transcribing agency | Nust |
| 082 ## - DEWEY DECIMAL CLASSIFICATION NUMBER | |
| Classification number | 808.81,HAM |
| 100 ## - MAIN ENTRY--PERSONAL NAME | |
| Personal name | Hardy, Thomas |
| 9 (RLIN) | 27910 |
| 245 ## - TITLE STATEMENT | |
| Title | WeSsex and past & Present Poems / |
| Statement of responsibility, etc. | Thomas Hardy |
| 260 ## - PUBLICATION, DISTRIBUTION, ETC. | |
| Place of publication, distribution, etc. | London |
| Name of publisher, distributor, etc. | Macmillan and co |
| 300 ## - PHYSICAL DESCRIPTION | |
| Extent | 490:p |
| 505 ## - FORMATTED CONTENTS NOTE | |
| Formatted contents note | The Temporarily the All (Page-1), Poems of the Past and The present (Page-231), Poems of Pilgrimage (Page-269), The bedridden peasant to an un knowing God (Page-333), The caged thrush freed and home again (Page-391), Imitations, etc (Page-473), Retrospect (Page-483). |
| 650 ## - SUBJECT ADDED ENTRY--TOPICAL TERM | |
| Topical term or geographic name entry element | poetry |
| 9 (RLIN) | 29982 |
| 942 ## - ADDED ENTRY ELEMENTS (KOHA) | |
| Source of classification or shelving scheme | |
| Koha item type | Book |
| Call number prefix | 808.81,HAM |
| Withdrawn status | Lost status | Source of classification or shelving scheme | Damaged status | Not for loan | Collection code | Permanent Location | Current Location | Date acquired | Total Checkouts | Full call number | Barcode | Date last seen | Date last checked out | Price effective from | Koha item type | Shelving location | Public note |
|---|---|---|---|---|---|---|---|---|---|---|---|---|---|---|---|---|---|
| Military College of Signals (MCS) | Military College of Signals (MCS) | 12/12/2016 | 1 | 808.81 HAR | MCS29930 | 05/26/2023 | 05/26/2023 | 12/12/2016 | Book | ||||||||
| Military College of Signals (MCS) | Military College of Signals (MCS) | 07/04/2023 | 808.81,HAM | MCS29930A | 07/04/2023 | 07/04/2023 | Book | General Stacks | Almirah No.56, Shelf No.2 |
